000114948 001__ 114948 000114948 005__ 20220606144040.0 000114948 037__ $$aGDOC-2021-29144 000114948 041__ $$aspa 000114948 041__ $$aeng 000114948 100__ $$0(orcid)0000-0003-3037-5164$$1534055$$aBegoña Espinosa, Martínez 000114948 24500 $$929144$$aOrganización de empresas y servicios de alojamiento 000114948 24200 $$929144$$aCompany and Accommodations Services Organisation 000114948 260__ $$aZaragoza$$bUniversidad de Zaragoza$$c2021-2022 000114948 521__ $$9139$$aGraduado en Turismo$$bDegree in Tourism 000114948 540__ $$aby-nc-sa$$bCreative Commons$$c3.0$$uhttp://creativecommons.org/licenses/by-nc-sa/3.0/ 000114948 830__ $$9445 000114948 8564_ $$s15591$$uhttps://zaguan.unizar.es/record/114948/files/guia-29144-es.pdf$$yGuía (idioma español) 000114948 8564_ $$s8431$$uhttps://zaguan.unizar.es/record/114948/files/guia-29144-en.pdf$$yGuide (english) 000114948 970__ $$aGDOC-2021-29144 000114948 980__ $$aGDOC$$bCiencias Sociales y Jurídicas$$bSocial Sciences and Law$$c177